| 000 | 00643nam a2200193 i 4500 | ||
|---|---|---|---|
| 001 | 154257 | ||
| 003 | ES-MaACL | ||
| 005 | 20230906205604.0 | ||
| 008 | 931025s1869 po |||| | por d | ||
| 100 | 1 |
_aGarrett, Almeida. _955660 |
|
| 245 | 1 | 0 | _aFabulas, folhas cahidas / V. de Almeida-Garrett. |
| 250 | _a5ª ed. | ||
| 260 |
_aLisboa : _b[s.n.], _c1869 ( _fImprensa Nacional) |
||
| 300 |
_a285 p. ; _c17 cm. |
||
| 490 | 1 | _aObras do Visconde de Almeida-Garrett ; 17. Versos ; 2 | |
| 830 | 0 |
_aObras do Visconde de Almeida-Garrett ; 17. Versos ; 2 _9221478 |
|
| 852 |
_aES-MaACL _jG-8628 _z-- Enc. pasta española |
||
| 999 |
_c154257 _d154257 |
||